|
|
|
|
| LEADER |
00000nam0a2200000 4500 |
| 001 |
80395 |
| 005 |
20231101213117.0 |
| 010 |
|
|
|a 5885951401
|
| 035 |
|
|
|a (RuTPU)RU\TPU\book\86408
|
| 090 |
|
|
|a 80395
|
| 100 |
|
|
|a 20050905d2004 km y0rusy50 ca
|
| 101 |
0 |
|
|a rus
|
| 102 |
|
|
|a RU
|
| 105 |
|
|
|a a z 001zy
|
| 200 |
1 |
|
|a Цепные приводы скважинных штанговых насосов
|f В. М. Валовский, К. В. Валовский
|
| 210 |
|
|
|a Москва
|c Изд-во ВНИИОЭНГ
|d 2004
|
| 215 |
|
|
|a 490 с.
|c ил.
|
| 320 |
|
|
|a Библиогр.: с. 478-487.
|
| 606 |
1 |
|
|a Штанги насосные
|2 stltpush
|3 (RuTPU)RU\TPU\subj\19571
|9 44796
|
| 610 |
1 |
|
|a нефтедобыча
|
| 610 |
1 |
|
|a цепные приводы
|
| 610 |
1 |
|
|a кинематика
|
| 610 |
1 |
|
|a насосные установки
|
| 610 |
1 |
|
|a конструкции
|
| 610 |
1 |
|
|a технические характеристики
|
| 610 |
1 |
|
|a УСШН
|
| 610 |
1 |
|
|a установки скважинных штанговых насосов
|
| 610 |
1 |
|
|a эксплуатация
|
| 610 |
1 |
|
|a проектирование
|
| 675 |
|
|
|a 622.276.53
|v 3
|
| 700 |
|
1 |
|a Валовский
|b В. М.
|g Владимир Михайлович
|
| 701 |
|
1 |
|a Валовский
|b К. В.
|g Константин Владимирович
|
| 801 |
|
1 |
|a RU
|b 63413507
|c 20050905
|g PSBO
|
| 801 |
|
2 |
|a RU
|b 63413507
|c 20140702
|g PSBO
|
| 942 |
|
|
|c BK
|
| 959 |
|
|
|a 67/20050905
|d 1
|e 780
|f ЧЗТЛ:1
|
| 959 |
|
|
|a 2/20060130
|d 1
|e 780
|f НФ:1
|